000 00373nam a2200121 4500
999 _c9622
_d9622
008 180712b ||||| |||| 00| 0 eng d
100 _928561
_aFr. San Luis, Bel R., SVD
245 _aA bridge between Muslims and Christians/
_cFr. Bel R. San Luis, SVD
260 _aPhilippines
_bManila Bulletin
_cc2017
300 _apage 11.
650 0 _928562
_aReligion.
942 _2ddc
_cPER